000 00296nam a22001337a 4500
008 210301b ||||| |||| 00| 0 eng d
020 _a9780838543474
041 _aeng
080 _a61
100 _a3
101 _aSHM
245 _aIntroduction to Human Disease
_cKent,H.TH
942 _2udc
_cBK
999 _c55358
_d55358